000 00655nam a22002417a 4500
001 54508
003 UA-OsUOA
005 20211104115206.0
007 ta
008 20080618b un ||||| |||| 00| 0 ukr d
020 _a9668721004
040 _aUA-OsUOA
_bukr
_cUA-OsUOA
_dUA-OsUOA
041 _aukr
080 _a347.6(075.8)
090 _a347.6(075.8)
_bС41
245 _aСімейне право
_bпосібник
260 _aК.
_c2005
300 _a896 с.
505 _gТ. 1
_tНотаріат, адвокатура, суд
650 7 _a347 Цивільне право. Судовий устрій
_2UDC
942 _cBK
_2udc
955 _a2
999 _c340469
_d340469